01589nam a22001697a 4500999001900000008004100019100005800060245007800118260004400196300003700240520090800277650005801185773004401243906001301287942000701300952011201307 c528235d528235241120b ||||| |||| 00| 0 eng d aRajan, S. Irudaya and Pattath, Balasubramanyam959578 aCovid-19 led return to Kerala: A comparative analysis of return emigrants aThe Indian Journal of Labour Economics  a 67(2), Apr-Jun, 2024: p.389-405 aThis article concerns emigrants who returned to Kerala between May and December 2020 in the midst of the COVID-19 pandemic. We study and document the experiences of 1985 return emigrants (REM) through a quantitative survey conducted via Computer-Assisted Telephonic Interviews. The study utilises a comparative classificatory framework that categorises return emigrants into three groups: normal REM, distressed REM, and REM who returned to re-emigrate. While the REM have been a demographically, politically, and economically significant component of Kerala’s population, the COVID-19 REM represent a unique case in history that has the potential to not only affect the economy, society, and psyche of Kerala for many years to come, but to also provide valuable insights into the future of global labor migration governance.- Reproduced https://link.springer.com/article/10.1007/s41027-024-00497-2  aCovid-19, Return migrants, Remittances, Kerala948999 aThe Indian Journal of Labour Economics  aPANDEMIC cAR 00102ddc40709403326aIIPAbIIPAd2024-11-20h 67(2), Apr-Jun, 2024: p.389-405pAR133618r2024-11-20yAR